[Event "AUTO-MASTER-1647"]
[Site "http://www.queenalice.com/game.php?id=1129273"]
[Date "2012.12.7"]
[Round "2"]
[White "Pistolero"]
[Black "pikejohn"]
[Result "0-1"]
[WhiteElo "2136"]
[BlackElo "2351"]

1. e4 c5 2. d4 cxd4 3. c3 dxc3 4. Nxc3 Nc6 5. Nf3 e6 6. Bc4 a6 7. O-O Nge7 8.
Qe2 Ng6 9. Rd1 Be7 10. Be3 b5 11. Bb3 O-O 12. Rac1 Na5 13. Nd4 d6 14. f4 Bd7 15.
f5 Ne5 16. fxe6 Nxb3 17. exf7+ Rxf7 18. axb3 Bg4 0-1

[Event "AUTO-MASTER-1691"]
[Site "http://www.queenalice.com/game.php?id=1144364"]
[Date "2013.1.23"]
[Round "2"]
[White "pikejohn"]
[Black "tycojp"]
[Result "0-1"]
[WhiteElo "2365"]
[BlackElo "2294"]

1. e4 Nf6 2. e5 Nd5 3. d4 d6 4. Nc3 Nxc3 5. bxc3 dxe5 6. Nf3 exd4 7. cxd4 Qd5 8.
c4 Qe4+ 9. Be2 g6 10. O-O Bg7 11. Re1 Bf5 12. Bg5 f6 13. Be3 Nd7 14. Rc1 O-O-O
15. Nd2 Qh4 16. Bf3 Nb6 0-1

[Event "AUTO-MASTER-1691"]
[Site "http://www.queenalice.com/game.php?id=1144365"]
[Date "2013.1.23"]
[Round "2"]
[White "tycojp"]
[Black "pikejohn"]
[Result "0-1"]
[WhiteElo "2353"]
[BlackElo "2373"]

1. c4 Nf6 2. Nf3 g6 3. g3 Bg7 4. Bg2 O-O 5. O-O c5 6. Nc3 Nc6 7. d4 cxd4 8. Nxd4
Qb6 9. Nc2 d6 10. b3 Bd7 11. Qd2 Qa5 12. Nb5 Qb6 13. Rb1 Rfd8 14. Bb2 d5 15.
Bxf6 Bxf6 16. Nc3 Bxc3 17. Qxc3 d4 18. Qd2 Bf5 19. Rbd1 a5 20. Bd5 Bxc2 21. Qxc2
Nb4 22. Qb1 Nxd5 23. cxd5 Rxd5 24. Qe4 e6 25. Rc1 a4 26. Rb1 axb3 27. Rxb3 Qc5
28. Qb1 b5 29. Rc1 Qb6 30. Rc2 Kg7 31. Rb4 Ra3 32. Qb2 Qa5 33. Rxd4 Rxa2 34.
Qxa2 Qxa2 35. Rxa2 Rxd4 36. Ra7 b4 37. f3 h5 38. Kf2 g5 39. Ke3 Rd1 40. Rb7 Rh1
41. Rxb4 Rxh2 42. Rb5 f6 43. Rb6 e5 44. g4 h4 45. Rb7+ Kg6 46. Rb8 Rg2 47. Rh8
e4 0-1

[Event "AUTO-OPEN-2651"]
[Site "http://www.queenalice.com/game.php?id=1183062"]
[Date "2013.5.20"]
[Round "3"]
[White "LUKK22"]
[Black "pikejohn"]
[Result "1/2-1/2"]
[WhiteElo "2488"]
[BlackElo "2406"]

1. g4 d5 2. c4 dxc4 3. Qa4+ Qd7 4. Qxc4 Qc6 5. Qxc6+ Nxc6 6. h3 h5 7. g5 e5 8.
Bg2 Nge7 9. Nc3 Be6 10. Nf3 O-O-O 11. d3 Ng6 12. O-O f5 13. Rd1 Be7 14. Bd2 Kb8
15. Rac1 h4 16. b3 Ba3 17. Ra1 Bf7 18. Nb5 Be7 19. Rac1 a6 20. Nc3 Ba3 21. Rb1
Be7 22. Kf1 Be6 23. Rbc1 Ba3 24. Rb1 Be7 25. Rbc1 Bf7 26. Na4 Ba3 27. Rb1 b5 28.
Nc5 Bxc5 29. Rbc1 Bb6 30. Rxc6 e4 31. Ne1 Ne5 32. Rc3 Rhe8 33. dxe4 fxe4 34.
Rcc1 Bd5 35. Bc3 Rd6 36. Nc2 Bb7 37. Rxd6 cxd6 38. Bb4 d5 39. Bc3 g6 40. Rd1 Nf7
41. Bf6 Rc8 42. Nd4 Bxd4 43. Bxd4 Nxg5 44. Bf6 Ne6 45. Bxh4 Rc2 46. Bg3+ Ka7 47.
h4 Rxa2 48. b4 a5 49. Bh3 Nd8 50. bxa5 b4 51. Bc7 Nc6 52. Be6 Nxa5 53. Rb1 b3
54. Bxa5 Rxa5 55. Rxb3 Ra1+ 56. Kg2 d4 57. Kg3 Ba6 58. Rb2 Re1 59. Bd5 Rxe2 60.
Rxe2 Bxe2 61. Bxe4 d3 62. Bxg6 d2 63. Bc2 Kb6 1/2-1/2

[Event "AUTO-OPEN-2651"]
[Site "http://www.queenalice.com/game.php?id=1183063"]
[Date "2013.5.20"]
[Round "3"]
[White "pikejohn"]
[Black "LUKK22"]
[Result "0-1"]
[WhiteElo "2376"]
[BlackElo "2644"]

1. e4 g6 2. d4 Bg7 3. Nf3 d6 4. Nc3 Nf6 5. Be2 O-O 6. O-O e5 7. dxe5 dxe5 8. Bb5
Qe7 9. Nd5 Nxd5 10. exd5 e4 11. Qe2 Nd7 12. Ng5 Nf6 13. f3 Nxd5 14. fxe4 Nb6 15.
c3 a6 16. Bd3 Nd7 17. Bc4 Ne5 18. Bd5 c6 19. Bb3 a5 20. Kh1 a4 21. Bc2 a3 22.
bxa3 b6 23. Qf2 Ba6 24. Rd1 c5 25. Rb1 Rfd8 26. Rxd8+ Rxd8 27. Nf3 Nd3 28. Qe2
Qe6 29. Bg5 Rd7 30. Ba4 Rd6 31. e5 Bxe5 32. Nxe5 Rd5 33. Bf6 Nxe5 34. Qxa6 Qxf6
35. h3 Nd3 36. Qa8+ Rd8 37. Qf3 Qxc3 38. Rf1 f5 39. Qc6 Qe5 40. Qxb6 Rd4 41.
Bb3+ Kg7 42. Qb7+ Kh6 0-1

[Event "AUTO-MASTER-1664"]
[Site "http://www.queenalice.com/game.php?id=1184964"]
[Date "2013.5.26"]
[Round "2"]
[White "lfcanales"]
[Black "pikejohn"]
[Result "0-1"]
[WhiteElo "2006"]
[BlackElo "2370"]

1. e4 c5 2. e5 Nc6 3. f4 e6 4. Nf3 d5 5. Bb5 Bd7 6. c3 Nxe5 7. fxe5 Bxb5 8. d3
Ne7 9. Bg5 h6 10. Bh4 g5 11. Bf2 g4 12. Nh4 Ng6 13. Qxg4 Nxe5 14. Qg3 Nxd3+ 15.
Kd2 d4 0-1

[Event "AUTO-MASTER-1664"]
[Site "http://www.queenalice.com/game.php?id=1184965"]
[Date "2013.5.26"]
[Round "2"]
[White "pikejohn"]
[Black "lfcanales"]
[Result "1-0"]
[WhiteElo "2371"]
[BlackElo "2004"]

1. e4 e5 2. Nf3 Nc6 3. Bb5 Bc5 4. c3 Nf6 5. O-O O-O 6. d4 exd4 7. e5 Nd5 8. cxd4
Bb6 9. Bc4 Nde7 10. d5 Na5 11. Bd3 d6 12. b4 dxe5 13. bxa5 Bxa5 14. Ba3 Re8 15.
Qa4 1-0

[Event "AUTO-ELITE-1177"]
[Site "http://www.queenalice.com/game.php?id=1197843"]
[Date "2013.7.7"]
[Round "1"]
[White "pikejohn"]
[Black "Tune"]
[Result "1-0"]
[WhiteElo "2403"]
[BlackElo "2418"]

1. e4 c5 2. c3 d5 3. exd5 Qxd5 4. d4 Nf6 5. Nf3 Bg4 6. Be2 e6 7. h3 Bh5 8. O-O
Nc6 9. Be3 cxd4 10. cxd4 Be7 11. Nc3 Qd6 12. Qb3 O-O 13. Rac1 Qb4 14. g4 Qxb3
15. axb3 Bg6 16. Ne5 Rfd8 17. g5 Ne8 18. Nxc6 bxc6 19. Na4 Nd6 20. h4 Nf5 21. h5
Nxe3 22. fxe3 Bf5 23. Rxc6 Bxg5 24. Kf2 Rac8 25. Rxc8 Rxc8 26. Bc4 g6 27. hxg6
Bxg6 28. Ra1 h6 29. Nc3 Ra8 30. Nb5 a5 31. Nc7 Ra7 32. Na6 Bd8 33. Nc5 Bb6 34.
Nd3 Be4 35. Ne5 Kf8 36. Ke2 Re7 37. Bd3 Bxd3+ 38. Kxd3 Rb7 39. Kc4 f5 40. Nd3
Rd7 41. b4 axb4 42. Kxb4 Bd8 43. Ra8 Ke8 44. Kc5 Ke7 45. Ne5 Rd5+ 46. Kc4 Kf6
47. b4 Bc7 48. Rf8+ Kg5 49. Rg8+ Kh5 50. Nd3 Kh4 51. Nc5 Rd6 52. b5 Bb6 53. Rg7
h5 54. Nb7 Rd5 55. Re7 Ba7 56. Nc5 Bxc5 57. dxc5 Kg5 58. b6 Kf6 59. Re8 Rd2 60.
b7 Rc2+ 61. Kb3 Rd2 62. b8=Q Rd7 63. Rf8+ Rf7 64. Qd8+ Kg6 65. Qe8 Kf6 66. Rxf7+
Ke5 67. Qa4 Kd5 68. Rc7 Ke5 69. Qd4# 1-0

[Event "AUTO-ELITE-1177"]
[Site "http://www.queenalice.com/game.php?id=1197844"]
[Date "2013.7.7"]
[Round "1"]
[White "Tune"]
[Black "pikejohn"]
[Result "0-1"]
[WhiteElo "2465"]
[BlackElo "2395"]

1. e4 c5 2. Nf3 e6 3. d4 cxd4 4. Nxd4 a6 5. Bd3 Nf6 6. O-O d6 7. c4 Be7 8. Nc3
O-O 9. Be3 Qc7 10. Rc1 Nbd7 11. f4 b6 12. b4 h6 13. g4 Nh7 14. Qc2 Bb7 15. e5
dxe5 16. Bxh7+ Kh8 17. Nf3 exf4 18. Bd4 e5 19. Nxe5 Nxe5 20. Nd5 Bxd5 21. cxd5
Qd6 22. Be4 Nxg4 23. Qb2 Bf6 24. Rc6 Bxd4+ 25. Qxd4 Qe5 26. Qxe5 Nxe5 27. Rc7 g5
28. d6 Rab8 29. Bb7 a5 30. bxa5 bxa5 31. Rd1 Kg7 32. Rd5 Kf6 33. Rxa5 Rfd8 34.
Rd5 Rd7 35. Rxd7 Nxd7 36. Bc6 Rb1+ 37. Kf2 Rb2+ 38. Ke1 Ke6 39. a4 Ne5 40. Ba8
Rb4 41. Ra5 Kxd6 42. Ra6+ Ke7 43. Ra7+ Ke6 44. a5 Rb1+ 45. Kf2 Rb2+ 46. Kg1 f3
47. Ra6+ Kf5 48. Ra7 Rg2+ 49. Kh1 Ra2 50. Kg1 Kf4 51. Rxf7+ Nxf7 52. Bd5 Rg2+
53. Kf1 Ne5 54. h3 Re2 55. a6 Nd3 56. Bxf3 Kxf3 57. Kg1 Kg3 58. a7 Re1# 0-1

[Event "AUTO-ELITE-1177"]
[Site "http://www.queenalice.com/game.php?id=1197845"]
[Date "2013.7.7"]
[Round "1"]
[White "pikejohn"]
[Black "shiyamiya"]
[Result "0-1"]
[WhiteElo "2384"]
[BlackElo "2232"]

1. e4 c5 2. c3 Nf6 3. e5 Nd5 4. Nf3 Nc6 5. d4 cxd4 6. cxd4 d6 7. Bc4 Nb6 8. Bb5
dxe5 9. Nxe5 Bd7 10. Nxd7 Qxd7 11. Nc3 e6 12. O-O Be7 13. Qg4 O-O 14. Bxc6 bxc6
15. Bh6 Bf6 16. Rfd1 Nd5 17. Ne4 Qe7 18. Rac1 Rfb8 19. b3 Rb6 20. Rc4 g6 21. Qe2
Bg7 22. Bg5 Qb7 23. Nc5 Qc7 24. Bd2 Qd6 25. Ne4 Qe7 26. Rdc1 Re8 27. Nc5 Rc8 28.
Qe4 Qd6 29. Ra4 Qe7 30. Nd3 Rb7 31. Rac4 Rb6 32. Ne5 f5 33. Nxc6 Rbxc6 34. Rxc6
Rxc6 35. Rxc6 fxe4 0-1

[Event "AUTO-ELITE-1177"]
[Site "http://www.queenalice.com/game.php?id=1197846"]
[Date "2013.7.7"]
[Round "1"]
[White "shiyamiya"]
[Black "pikejohn"]
[Result "0-1"]
[WhiteElo "2251"]
[BlackElo "2367"]

1. Nf3 Nf6 2. g3 d5 3. Bg2 g6 4. c4 d4 5. d3 Bg7 6. b4 O-O 7. Bb2 Ng4 8. O-O e5
9. h3 Nh6 10. Nbd2 a6 11. Qb3 Re8 12. Ne4 f5 13. Nc5 Nf7 14. Nd2 Ra7 15. Bd5 b6
16. Na4 Bb7 17. Bxb7 Rxb7 18. b5 Ra7 19. e3 Bh6 20. Nf3 dxe3 21. Rae1 exf2+ 22.
Rxf2 Nd7 23. Ree2 Bg7 24. h4 Qa8 25. Ng5 Nxg5 26. hxg5 axb5 27. cxb5+ Kh8 28.
Rh2 Nf8 29. Nc3 Ne6 30. Nd5 Nxg5 31. Re3 Re6 32. Rc2 Rd6 33. Nxc7 Qd8 34. Qc4 h6
35. Kg2 e4 36. Bxg7+ Kxg7 37. dxe4 fxe4 38. Na6 Rd3 39. Rxd3 exd3 40. Rc1 Re7
41. Nb4 d2 42. Qc3+ Kh7 43. Rd1 Qd7 44. Kg1 Qf5 45. Rf1 Qxf1+ 46. Kxf1 d1=Q+ 0-1

[Event "AUTO-OPEN-2652"]
[Site "http://www.queenalice.com/game.php?id=1201734"]
[Date "2013.7.22"]
[Round "3"]
[White "pikejohn"]
[Black "sergiogvh"]
[Result "1-0"]
[WhiteElo "2371"]
[BlackElo "2378"]

1. e4 e6 2. d4 d5 3. Nd2 Nf6 4. e5 Nfd7 5. c3 c5 6. Ngf3 Nc6 7. Bd3 cxd4 8. cxd4
f6 9. exf6 Nxf6 10. O-O Bd6 11. Re1 O-O 12. Nb3 Nb4 13. Bb1 Ng4 14. h3 Nxf2 15.
Kxf2 Qh4+ 16. Kf1 Bd7 17. Re3 Qg3 18. Kg1 Rac8 19. Bd2 Bf4 20. Rc3 Bxd2 21. Qxd2
Rxc3 22. Qxc3 Nc6 23. Nc5 Bc8 24. Bc2 e5 25. Nxe5 Qf2+ 26. Kh2 Nxd4 27. Ncd3 Qe3
28. Qc5 Bxh3 29. Re1 Qd2 30. Kxh3 Qh6+ 31. Kg3 Qg5+ 32. Kh2 Qh4+ 33. Kg1 Ne6 34.
Qxd5 1-0

[Event "AUTO-OPEN-2652"]
[Site "http://www.queenalice.com/game.php?id=1201735"]
[Date "2013.7.22"]
[Round "3"]
[White "sergiogvh"]
[Black "pikejohn"]
[Result "0-1"]
[WhiteElo "2379"]
[BlackElo "2383"]

1. e4 c5 2. d4 cxd4 3. c3 dxc3 4. Nxc3 Nc6 5. Nf3 e6 6. Bc4 a6 7. O-O Nge7 8.
Qe2 Ng6 9. Rd1 Be7 10. Be3 b5 11. Bb3 O-O 12. Rac1 Na5 13. Bc2 Nc4 14. Bb3 Nxe3
15. Qxe3 Bb7 16. Qd4 Rc8 17. Qa7 Rc7 18. Qe3 Bc5 19. Qe2 Nf4 20. Qd2 Qf6 21. Kh1
Nh3 22. Rf1 Qf4 23. Qxf4 Nxf4 24. Bc2 Rfc8 25. Bb1 Bb4 26. Nd4 Bxc3 27. bxc3 b4
28. c4 Rxc4 29. Rxc4 Rxc4 30. Rd1 f5 31. f3 fxe4 32. fxe4 Nd3 33. Bxd3 Rxd4 34.
e5 Be4 35. Be2 Rxd1+ 36. Bxd1 Bd5 0-1

[Event "AUTO-ELITE-1309"]
[Site "http://www.queenalice.com/game.php?id=1268564"]
[Date "2014.3.28"]
[Round "1"]
[White "FabioDavid"]
[Black "pikejohn"]
[Result "1/2-1/2"]
[WhiteElo "2548"]
[BlackElo "2418"]

1. e4 c5 2. Na3 Nc6 3. Bb5 e6 4. Nf3 Nge7 5. O-O a6 6. Be2 d5 7. exd5 Nxd5 8. d4
Be7 9. dxc5 O-O 10. Nd4 Nxd4 11. Qxd4 Qc7 12. Nc4 Bxc5 13. Qe5 Qxe5 14. Nxe5 b5
15. Bf3 Bd6 16. Re1 Bb7 17. Nd7 Rfd8 18. Nb6 Nxb6 19. Bxb7 Rab8 20. Bf3 Nc4 21.
Be2 Rbc8 22. c3 Be7 23. g3 a5 24. Kg2 g6 25. h4 b4 26. cxb4 Bxb4 27. Rh1 Nd2
1/2-1/2

[Event "AUTO-ELITE-1309"]
[Site "http://www.queenalice.com/game.php?id=1268565"]
[Date "2014.3.28"]
[Round "1"]
[White "pikejohn"]
[Black "FabioDavid"]
[Result "0-1"]
[WhiteElo "2408"]
[BlackElo "2574"]

1. e4 e5 2. Nf3 Nc6 3. Bc4 Nf6 4. Ng5 d5 5. exd5 Na5 6. Bb5+ c6 7. dxc6 bxc6 8.
Qf3 Be7 9. Bxc6+ Nxc6 10. Qxc6+ Bd7 11. Qc3 Rc8 12. Qd3 Ng4 13. Ne4 f5 14. Nec3
Bc5 15. O-O e4 16. Qg3 h5 17. d4 Bxd4 18. Qd3 exd3 0-1

[Event "AUTO-ELITE-1309"]
[Site "http://www.queenalice.com/game.php?id=1268570"]
[Date "2014.3.28"]
[Round "1"]
[White "pikejohn"]
[Black "tucot"]
[Result "1-0"]
[WhiteElo "2421"]
[BlackElo "2339"]

1. e4 e5 2. Nf3 Nc6 3. Bc4 Be7 4. d4 d6 5. dxe5 dxe5 6. Qxd8+ Bxd8 7. Be3 Nf6 8.
Nc3 Bg4 9. O-O-O O-O 10. h3 Bh5 11. a3 Bg6 12. Nd2 Nd7 13. h4 h6 14. Nb3 Nb6 15.
Bb5 Be7 16. Bxc6 bxc6 17. h5 Bh7 18. Na5 c5 19. g4 Bg5 20. Bxg5 hxg5 21. f3 f6
22. Nc6 1-0

[Event "AUTO-ELITE-1309"]
[Site "http://www.queenalice.com/game.php?id=1268571"]
[Date "2014.3.28"]
[Round "1"]
[White "tucot"]
[Black "pikejohn"]
[Result "0-1"]
[WhiteElo "2340"]
[BlackElo "2411"]

1. c4 Nf6 2. d4 g6 3. f3 Bg7 4. e4 d6 5. Nc3 O-O 6. Be3 Nfd7 7. Qd2 c5 8. d5 Qa5
9. Nge2 Ne5 10. b3 f5 11. Rc1 fxe4 12. fxe4 Na6 13. h3 Nb4 14. Nf4 Bh6 15. Ne6
Bxe3 16. Qxe3 Bxe6 17. dxe6 Nxa2 18. Rc2 Nb4 19. Rc1 Rf4 20. Be2 Qa3 0-1